Identify person (Juan's edition) - Statistics

General Stats
  • This quiz has been taken 17 times
  • The average score is 12 of 25
Answer Stats
Hint Answer % Correct
On Fortnite in Bio Ethan
93%
Biris Iris
86%
What else except James Charles Claire
79%
The Jetpunk master (thanks! :D) Jonathan
79%
Always on JetPunk no matter the cost Marek
71%
Chau's #1 hater fr Nico
71%
Iris toucher Safa
71%
SÚPER SMART Good Job on Bio Brandon
64%
Tottenham!! Awesome Goalie!! Chau
64%
One Piece Addicted Juan
64%
Malicous Bryce M
57%
Just like molten lava cake Alex
43%
Conniving Bryce C
43%
Cool guy we don't talk to Austyn
36%
His intelligence knows no bounds David
36%
You missed Fof :( Chantal
29%
very balanced and impressive Julia
29%
Kenji (also hes very funny and studious) Phillip
29%
REALLY hardworking that schedule is so full how does one sleep Sakura
29%
Has the secrets of CS apparently Alan
21%
He's really nice and chill Daniel
21%
Get off instagram reels buddy Peter
21%
Chill as heck Grace
14%
great person and unintentionally funny Kylie
14%
D&T seat bandit Tobi
14%
No matching quizzes found
Score Distribution
Percent of People with Each Score
Percentile by Number Answered
Your Score History
You have not taken this quiz